| 000 | 00616nam a22001937a 4500 | ||
|---|---|---|---|
| 999 |
_c188320 _d188320 |
||
| 005 | 20220518163045.0 | ||
| 010 | _aENG-132671 | ||
| 020 |
_a9788130912462 _c325.00 |
||
| 035 | _aEN-116203 | ||
| 037 | _bDBAD/PUB | ||
| 082 | _a503 | ||
| 245 |
_aScience Dictionary/ _cEdited by John O.E. Clark and William Hemsley |
||
| 260 |
_aNew Delhi _bViva Books Private Limited _c2011 |
||
| 270 |
_a4737/23, Ansari Road, Daryaganj _bNew Delhi _e110002 _mvivadelhi@vivagroupindia.net |
||
| 300 |
_a632p. _c18cm(pbk) |
||
| 700 | _aClark, John O.E. | ||
| 700 | _aHemsley, William | ||
| 942 |
_2ddc _cEN _h503 _mSCI |
||